banner-ar

ABC OF SPORTS MEDICINE / (Record no. 10923)

MARC details
000 -الفاتح
حقل البيانات ثابتة الطول 00487nam a2200193Ia 4500
008 - عناصر البيانات ثابتة الطول - معلومات عامة
حقل البيانات ثابتة الطول 140319s9999 xx 000 0 eng d
040 ## - مصدر الفهرسة
وكالة الفهرسة الأصلية GCL /
وكالة النسخ GCL
082 04 - رقم تصنيف ديوى العشرى
رقم التصنيف 616
رقم المادة M A
100 1# - المدخل الرئيسى - إسم شخصى
الإسم الشخصى MCLATCHIE, GREG
245 10 - بيان العنوان
العنوان ABC OF SPORTS MEDICINE /
بيان المسئوليه,etc MCLATCHIE, GREG
700 1# - المدخل الاضافى - اسم شخصى
الإسم الشخصى HARRIES, MARK
700 1# - المدخل الاضافى - اسم شخصى
الإسم الشخصى WILLIAMS, CLYDE
260 ## - PUBLICATION, DISTRIBUTION, ETC. (IMPRINT)
تاريخ النشر أو التوزيع 1995
300 ## - الوصف المادى
التعداد 109
650 04 - المدخل الاضافى بالموضوع-مصطلح موضوعى
مصطلح موضوعي MEDICINE
650 04 - المدخل الاضافى بالموضوع-مصطلح موضوعى
مصطلح موضوعي SPORT MEDICINE
942 ## - عناصر المدخل الإضافي( كوها)
مصدر التصنيف او مخطط الترفيف Dewey Decimal Classification
Koha [default] item type كتاب
260 ## - PUBLICATION, DISTRIBUTION, ETC. (IMPRINT)
-- [S.N] :
-- BMJ PUBLISHING GROUP ،
Holdings
حالة التراجع حالة الفقد حالة تلف ليس للاعارة المكان المؤقت الموقع الحالى تاريخ الاكتساب اجمالي اﻻعارات رقم الطلب الباركود تاريخ اخر مشاهدة تاريخ تفعيل السعر نوع وعاء كوها
        مكتبة القاهرة الكبرى مكتبة القاهرة الكبرى 03/26/2014   616\M A 21864 03/26/2014 03/26/2014 كتاب

Powered By

EGPV